| 000 | 00712nam a22002537a 4500 | ||
|---|---|---|---|
| 005 | 20170124105914.0 | ||
| 010 | _aB-017741 | ||
| 020 |
_c00 _a8176482188 |
||
| 035 | _aB-017741 | ||
| 037 | _bCen Lib/Ret | ||
| 040 |
_aDPL _bEN |
||
| 082 |
_a371.333 _bRAO |
||
| 100 |
_aRao, V. K. _91596 |
||
| 245 |
_aMedia education / _cby V. K. Rao |
||
| 246 | _b | ||
| 260 |
_bA. P. H. Publishingh Corporation _c2001 _aNew Delhi |
||
| 270 |
_a5, Ansari Road, Dariya Ganj _bNew Delhi _e110002 |
||
| 300 |
_avi, 282p. _c21cm(Hb) |
||
| 490 | _a | ||
| 500 | _aincludes index | ||
| 650 |
_aHigher Educations _9111340 |
||
| 650 |
_aTechnological Developments _91598 |
||
| 942 |
_2ddc _cEN _h371.333 _mRAO |
||
| 999 |
_c122676 _d122676 |
||